Statystyki dla Średniowieczna Europa I - daty losowo

Kliknij tutaj aby rozwiązać quiz!

Ogólne statystyki

  • Ten quiz został rozwiązany 15 razy
  • Średni wynik to 7 z 20

Statystyki odpowiedzi

HintOdpowiedź% Poprawnych
Wielka schizma wschodnia1054
100%
Bitwa pod Stamford Bridge1066
100%
Grzegorz VII formułuje Dictatus Papae1075
100%
Turcy zdobywają Konstantynopol1453
100%
Hidżra Mahometa622
100%
Pepin Krótki detronizuje Childeryka III751
100%
Karol Wielki cesarzem800
100%
Traktat w Verdun843
100%
Bitwa na Lechowym Polu955
100%
Królem Francji Hugo Kapet987
100%
Ekskomunika Henryka IV1076
67%
Bitwa pod Poitiers732
67%
Śmierć Karola Wielkiego814
67%
Śmierć Konstantyna XI1453
50%
Śmierć Mahometa632
50%
Śmierć Karlomana I771
50%
Karol podbija Królestwo Longobardów774
50%
Koniec wschodniofrankijskich Karolingów911
50%
Koronacja Stefana I na króla Węgier1000/1001
33%
Bitwa pod Hastings1066
33%
Chrzest Chlodwiga I496
33%
Dżuma Justyniana542
33%
Karloman i Karol królami Franków768
33%
Śmierć Pepina Krótkiego768
33%
Karol samodzielnym władcą Franków771
33%
Włodzimierz I Wielki przyjmuje chrzest988
33%
Knut Wielki zdobywa Londyn i zostaje królem Anglii1016
0%
Knut władcą Danii1018
0%
Knut władcą Norwegii1028
0%
Śmierć Knuta Wielkiego1035
0%
Makbet władcą Szkocji1040
0%
Rozbicie dzielnicowe Rusi1054
0%
W Canossie papież zawiera pokój z cesarzem1077
0%
Normanowie pod wodzą Guiscarda plądrują Rzym1084
0%
Konkordat wormacki między Henrykiem V a Kalikstem II1122
0%
Krzyżowcy zdobywają Konstantynopol1204
0%
Mongołowie zdobywają Bagdad; upadek kalifatu1258
0%
Michał Paleolog odzyskuje Konstantynopol1261
0%
Chlodwig I obejmuje władzę w Galii481
0%
Śmierć Odoakra493
0%
Powstanie Królestwa Ostrogotów493
0%
Justynian I władcą Bizancjum527
0%
Koniec budowy Hagii Sophii537
0%
Upadek Królestwa Ostrogotów553
0%
Powstanie Królestwa Longobardów568
0%
Śmierć Dagoberta I639
0%
Początek panowania królów gnuśnych639
0%
Powstanie kalifatu Umajjadów661
0%
Karol Młot zostaje majordomem714
0%
Śmierć Teuderyka IV737
0%
Childeryk III królem743
0%
Abbasydowie obalają Umajjadów750
0%
Początek panowania dynastii Karolingów751
0%
Początek panowania Haruna ar-Raszida786
0%
Wikingowie łupią klasztor w Lindisfarne793
0%
Śmierć Haruna ar-Raszida809
0%
Mojmir I, władca Moraw, przyjmuje chrzest831
0%
Ruryk przybywa do Nowogrodu Wielkiego862
0%
Powstaje Ruś Nowogrodzka862
0%
Cyryl i Metody rozpoczynają działalność na Morawach863
0%
Borzywoj I przyjmuje chrzest884
0%
Wielkie Morawy upadają po najazdach węgierskich907
0%
Powstaje księstwo Normandii911
0%
Umiera Ludwik IV Dziecię911
0%
Śmierć Wacława I Świętego935
0%
Bolesław I Srogi władcą Czech935
0%
Otton I podbija Włochy962
0%
Otton I zostaje cesarzem962
0%
Śmierć Ludwika V Gnuśnego987
0%
Koniec zachodniofrankijskich Karolingów987
0%

Rozkład punktacji

Percentyl według liczby udzielonych odpowiedzi

Procent ludzi z każdym wynikiem

Twoja historia wyników

Nie rozwiązałeś tego quizu